000 01374nam a2200277 i 4500
003 DO-SdBNP
005 20250430095247.0
007 ta
008 250430b2020 dr a|||| |||| 00| 0 spa d
020 _a9789993481553
040 _aDO-SdBNP
_bspa
_cBNPHU
_erda
041 _aspa
082 4 _axxx
_bA657d
_222
100 _aAquino Rodríguez, José Ángel
_eautor
_4aut.
_912222
245 1 0 _aDe la cuota femenina a la paridad en Centroamérica, México y República Dominicana /
_cJosé Ángel Aquino Rodríguez.
264 _aSanto Domingo :
_bMinisterio De La Mujer,
_c2020.
300 _a55 páginas :
_bilustraciones, retratos ;
_c22 cm.
336 _atexto
_btxt
_2rdacontent
337 _asin mediación
_bn
_2rdamedia
338 _avolumen
_bnc
_2rdacarrier
504 _aBibliografía: páginas 48-53
505 _aLa paridad de género: La inclusión como instrumento de la política /
_rJanet Camilo --
_tI. De la cuota femenina a la paridad en Centroamérica, México y República Dominicana --
_tII. La cuota femenina en Centroamérica, México y República Dominicana --
_tIII. La paridad: de postulado teórico a norma fundamental --
_tIV. Aplicación de la paridad en las listas electorales en Centroamérica, México y República Dominicana --
_tV. Los desafíos de la paridad.
710 1 _aMinisterio De La Mujer
_987579
910 _aLP
942 _2ddc
_cLBS1
999 _c58861
_d58861